| 000 | 00551nam a2200169 i 4500 | ||
|---|---|---|---|
| 001 | 26738 | ||
| 003 | ES-MaACL | ||
| 005 | 20251004063052.0 | ||
| 007 | t| | ||
| 008 | 030110s1920 fr ||||1| fre d | ||
| 100 | 1 |
_aArréat, Lucien, _d1841-1922 _923233 |
|
| 245 | 1 | 0 |
_aNos poètes et la pensée de leur temps _b: romantiques parnassiens, symbolistes de Béranger à Samain / _cLucien Arreat. |
| 260 |
_aParis : _bF. Alcan, _c1920 ( _fImp. Barnéond) |
||
| 300 |
_a148 p. ; _c19 cm. |
||
| 852 |
_aES-MaACL _jF-12127 |
||
| 999 |
_c26738 _d26738 |
||